Trouver le manga par l'image #1 - Statistiques

Statistiques générales
  • Ce quiz a été pris 28 fois
  • Le résultat moyen est 3 sur 15
Statistiques - réponses
Par images Réponse % Correct
Monster
58%
Ping Pong
46%
The Quintessential Quintuplets
46%
Kowloon Generic Romance
38%
Air Gear
29%
Kindergarten WARS
29%
Magus of the Library
17%
7-Nin no Nemuri Hime
8%
Attache-moi !
8%
Biomega
8%
Fuka
8%
How I Married an Amagami Sisters
8%
Drôles de racailles
4%
Switch Girl
4%
World's End Harem
4%
Aucun quiz correspondant
Distribution des résultats
% des personnes avec chaque résultat
Percentile par nombre de réponses
Votre historique - résultats
Vous n’avez pas pris ce quiz